1177 1362 1588 1064 1646 1130 1279 1245 1292 1329 1563 1061 1774 1692 1110 1367 1293 1754 1273 1282 1893 1065 1688 1570 1542 1289 1151 1593 1074 1423 1640 1473 1520 1815 1044 1713 1509 1107 1088 1177 1576 1735 1817 1653 1613 1075 1867 1186 1775 1180 1098 1755 1671 1806 1540 1390 1449 1843 1453 1157 1572 1318 1782 1826 1506 1374 1899 1213 1993 1329 1001 1648 1843 1717 1987 1361 1107 1997 1184 1445 1827 1295 1949 1295 1527 1474 1342 1979 1612 1481 1569 1156 1522 1566 1974 1396 1830 1526 1199 BCNSPRNW ULIB Ver.6.0+V

เปลี่ยนเป็นภาษาไทย

Change to English
 แสดงรายละเอียดบรรณานุกรม
  กลับหน้าหลัก

Brief Record : Get Marc (ISO 2709) : E-mail record : QR code < ปิดหน้าต่าง
LEADER : 00000nam 2200000uu 4500
001    13399111515
003     ULIB
008    110629s2544||||th 000 0 tha d
020    9743462295
060 04 QV55^bว582ค 2544
245 00 คู่มือการใช้ยาทางอายุรกรรมและดัชนีค้นหาชื่อยา พ.ศ. 2544 /^cบรรณาธิการ, วิทยา ศรีดามา
250    พิมพ์ครั้งที่ 2
260    [กรุงเทพฯ] :^bโครงการตำราจุฬาอายุรศาสตร์ภาควิชาอายุรศาสตร์ คณะแพทยศาสตร์ จุฬาลงกรณ์มหาวิทยาลัย,^c2544
300    505, [10] หน้า ;^c26 ซม.
440  0 โครงการตำราจุฬาอายุรศาสตร์ ;^vฉบับที่ 21
650  7 การใช้ยา^vคู่มือ
650  7 การรักษาด้วยยา^vคู่มือ
650  7 ยา^xการใช้และขนาด^vคู่มือ
650  7 ยา^vบัญชีรายชื่อ
700 0  วิทยา ศรีดามา,^eบรรณาธิการ
710 2  จุฬาลงกรณ์มหาวิทยาลัย. ^bคณะแพทยศาสตร์.^bภาควิชาอายุรศาสตร์. ^bโครงการจุฬาตำราอายุรศาสตร์
945    ^p0^l0^i9988
945    ^p0^l0^i9986
945    ^p0^l0^i9984
945    ^p0^l0^i9982
945    ^p0^l0^i9981
945    ^p0^l0^i9980
945    ^p0^l0^i9987
945    ^p0^l0^i9985
945    ^p0^l0^i9983
995    กัณชพร
999    ^aใช้งานได้ทุกระบบ
รายการนี้ยังไม่มีแท็ก
คุณยังไม่ได้ล็อกอิน คุณสามารถมีกิจกรรมร่วมกับเว็บไซต์ได้ แต่ต้องล็อกอินก่อน ::
  ล็อกอิน

รายการสื่อสารสนเทศ

ลำดับที่ ประเภท เลขเรียก/บาร์โค้ด สถานที่ สถานะ
- ไม่พบข้อมูล -

BibComment


ยังไม่เคยถูกคอมเมนท์

คอมเมนท์ทรัพยากรรายการนี้
  คอมเมนท์: คู่มือการใช้ยาทาง..


 Copyright 2026. Bcnsprnw @Library